[Event "Vimercate op"]
[Site "Vimercate"]
[Date "2015.11.27"]
[Round "2"]
[White "Vezzosi, Paolo"]
[Black "Cerioni, Armando"]
[Result "1-0"]
[WhiteElo "2365"]
[BlackElo "1960"]
[PlyCount "55"]
[EventDate "2015.11.27"]
[EventType "swiss"]
[EventRounds "5"]
[EventCountry "ITA"]
[SourceTitle "EXT 2018"]
[Source "ChessBase"]
[SourceDate "2017.10.13"]
[SourceVersion "1"]
[SourceVersionDate "2017.10.13"]
[SourceQuality "1"]

1. d4 d6 2. e4 Nf6 3. Nc3 e5 4. Nf3 Nbd7 5. Bc4 Be7 6. 0-0 0-0 7. Re1 c6 8. a4 exd4 9. Qxd4 Qb6 10. a5 Qxd4 11. Nxd4 Nc5 12. a6 Nxa6 13. Bxa6 bxa6 14. Nxc6 Re8 15. Nd5 Bd8 16. Bg5 Bb7 17. Nxd8 Bxd5 18. exd5 Raxd8 19. Bxf6 gxf6 20. Kf1 Rxe1+ 21. Kxe1 Rb8 22. Rxa6 Rxb2 23. Kd2 Rb6 24. Rxb6 axb6 25. Kc3 Kg7 26. Kc4 f5 27. f4 Kf6 28. Kb5 1-0

[Event "Milan Province-ch"]
[Site "Milan"]
[Date "2015.01.24"]
[Round "1"]
[White "Cerioni, Armando"]
[Black "Pipitone, Filippo Massimo"]
[Result "1-0"]
[WhiteElo "1923"]
[BlackElo "1545"]
[PlyCount "31"]
[EventDate "2015.01.24"]
[EventType "swiss"]
[EventRounds "6"]
[EventCountry "ITA"]
[SourceTitle "EXT 2017"]
[Source "ChessBase"]
[SourceDate "2016.10.25"]
[SourceVersion "1"]
[SourceVersionDate "2016.10.25"]
[SourceQuality "1"]

1. Nf3 d5 2. d4 c6 3. c4 Nf6 4. Qc2 e6 5. g3 Nbd7 6. Bg2 Be7 7. 0-0 0-0 8. b3 h6 9. Bb2 Re8 10. Nc3 Bf8 11. Rad1 Nb6 12. Ne5 Bd6 13. c5 Bxc5 14. dxc5 Nbd7 15. Nxd7 Bxd7 16. e4 1-0

[Event "Milan Crespi op-C 35th"]
[Site "Milan"]
[Date "2014.12.08"]
[Round "7"]
[White "Cerioni, Armando"]
[Black "Andolfatto, Maria"]
[Result "1/2-1/2"]
[WhiteElo "1938"]
[BlackElo "1751"]
[PlyCount "50"]
[EventDate "2014.12.04"]
[EventType "swiss"]
[EventRounds "7"]
[EventCountry "ITA"]
[SourceTitle "EXT 2017"]
[Source "ChessBase"]
[SourceDate "2016.10.25"]
[SourceVersion "1"]
[SourceVersionDate "2016.10.25"]
[SourceQuality "1"]

1. e4 e5 2. Nf3 Nc6 3. Bc4 Bc5 4. c3 Nf6 5. d3 h6 6. Nbd2 d6 7. Bb3 0-0 8. 0-0 Be6 9. Bc2 Bb6 10. h3 Nh7 11. Re1 Qd7 12. Nf1 f5 13. exf5 Bxf5 14. Be3 Nf6 15. Ng3 Be6 16. Bb3 Bxb3 17. Qxb3+ Qf7 18. Qxf7+ Rxf7 19. Rad1 Nd5 20. Bxb6 axb6 21. a3 Nf4 22. Kh2 Raf8 23. Re3 Ne7 24. d4 exd4 25. Nxd4 Nc6 1/2-1/2

[Event "Milan Molinari Memorial 8th"]
[Site "Milan"]
[Date "2014.10.30"]
[Round "2"]
[White "Podetti, Davide"]
[Black "Cerioni, Armando"]
[Result "1-0"]
[WhiteElo "1911"]
[BlackElo "1975"]
[PlyCount "87"]
[EventDate "2014.10.29"]
[EventType "swiss"]
[EventRounds "6"]
[EventCountry "ITA"]
[SourceTitle "EXT 2016"]
[Source "ChessBase"]
[SourceDate "2015.10.08"]
[SourceVersion "1"]
[SourceVersionDate "2015.10.08"]
[SourceQuality "1"]

1. e4 e6 2. d4 d5 3. Nc3 Nc6 4. Nf3 Nf6 5. Bd3 Nb4 6. 0-0 Nxd3 7. cxd3 Be7 8. Bg5 c6 9. e5 Ng8 10. Qd2 h5 11. Bxe7 Nxe7 12. b4 Nf5 13. a4 Bd7 14. Rfb1 Rg8 15. Ne2 g5 16. Ne1 h4 17. Nc2 g4 18. g3 hxg3 19. fxg3 Qg5 20. Qxg5 Rxg5 21. b5 cxb5 22. axb5 Ke7 23. Nf4 Ng7 24. Ne3 f5 25. Rc1 Kd8 26. b6 a6 27. Rc7 Rb8 28. Rac1 Rc8 29. R1c5 Rxc7 30. Rxc7 Bc8 31. Kf2 Ne8 32. Rh7 Rg7 33. Rh8 Bd7 34. Ke2 Ke7 35. Kd2 Kf7 36. Rh6 Ke7 37. Kc3 a5 38. Rh8 Kf7 39. Nh5 Rg8 40. Rh7+ Ng7 41. Nf6 Rd8 42. Ng2 Kf8 43. Nf4 Bc8 44. Rh8+ 1-0

[Event "Milan Giugno A"]
[Site "Milan"]
[Date "2014.06.01"]
[Round "4"]
[White "Cerioni, Armando"]
[Black "Bisignano, Giuseppe"]
[Result "1-0"]
[WhiteElo "2006"]
[BlackElo "1875"]
[PlyCount "35"]
[EventDate "2014.05.29"]
[EventType "swiss"]
[EventRounds "6"]
[EventCountry "ITA"]
[SourceTitle "EXT 2024"]
[Source "ChessBase"]
[SourceDate "2023.10.10"]
[SourceVersion "1"]
[SourceVersionDate "2023.10.10"]
[SourceQuality "1"]

1. e4 e5 2. Nf3 Nc6 3. Bc4 Nf6 4. d3 h6 5. c3 d6 6. Bb3 Be7 7. Nbd2 0-0 8. 0-0 Bg4 9. h3 Bh5 10. Re1 d5 11. exd5 Nxd5 12. Ne4 Kh8 13. Ng3 Bg6 14. Nxe5 Nxe5 15. Rxe5 c6 16. Bxd5 cxd5 17. Qf3 Qb6 18. Rxe7 1-0

[Event "Milan Palladino Memorial-A 6th"]
[Site "Milan"]
[Date "2014.04.18"]
[Round "2"]
[White "Cerioni, Armando"]
[Black "Colica, Daniele"]
[Result "1-0"]
[WhiteElo "2003"]
[BlackElo "1727"]
[PlyCount "75"]
[EventDate "2014.04.17"]
[EventType "swiss"]
[EventRounds "7"]
[EventCountry "ITA"]
[SourceTitle "EXT 2015"]
[Source "ChessBase"]
[SourceDate "2014.11.20"]
[SourceVersion "1"]
[SourceVersionDate "2014.11.20"]
[SourceQuality "1"]

1. c4 d5 2. cxd5 Nf6 3. e4 c6 4. dxc6 Nxc6 5. Nc3 e5 6. Bb5 Bd7 7. Nf3 Bd6 8. d4 Nxd4 9. Nxd4 exd4 10. Bxd7+ Qxd7 11. Qxd4 0-0 12. Bg5 Qc7 13. Bxf6 gxf6 14. Nd5 Be5 15. Nxc7 Bxd4 16. Nxa8 Rxa8 17. 0-0 Re8 18. Rfe1 Bxb2 19. Rab1 Bc3 20. Rec1 Bd2 21. Rd1 Ba5 22. Rxb7 Rxe4 23. Rxa7 Bb6 24. Ra8+ Kg7 25. Kf1 Rf4 26. Rd2 Be3 27. Re2 Bd4 28. g3 Rf5 29. a4 h5 30. Ra2 h4 31. Kg2 hxg3 32. hxg3 Rg5 33. a5 f5 34. a6 f4 35. a7 fxg3 36. fxg3 Be5 37. Re8 Rxg3+ 38. Kf2 1-0

[Event "Milan Crespi op-B 32nd"]
[Site "Milan"]
[Date "2011.12.08"]
[Round "3"]
[White "Cerioni, Armando"]
[Black "Ciciotti, Augusto Walter"]
[Result "1-0"]
[WhiteElo "1949"]
[BlackElo "1917"]
[PlyCount "35"]
[EventDate "2011.12.07"]
[EventType "swiss"]
[EventRounds "7"]
[EventCountry "ITA"]
[SourceTitle "EXT 2022"]
[Source "ChessBase"]
[SourceDate "2021.10.06"]
[SourceVersion "1"]
[SourceVersionDate "2021.10.06"]
[SourceQuality "1"]

1. d4 Nf6 2. Nf3 c5 3. d5 d6 4. Nc3 g6 5. e4 Bg7 6. Bb5+ Bd7 7. a4 0-0 8. 0-0 Bg4 9. h3 Bc8 10. Nh2 e6 11. Bg5 Qc7 12. Be2 a6 13. Qd2 b6 14. Rad1 e5 15. f4 h6 16. fxe5 Nxe4 17. Nxe4 hxg5 18. Nf6+ 1-0

[Event "Milan Crespi op-B 31th"]
[Site "Milan"]
[Date "2010.12.07"]
[Round "5"]
[White "Cerioni, Armando"]
[Black "Bonassi, Tommaso"]
[Result "1-0"]
[WhiteElo "1986"]
[BlackElo "1819"]
[PlyCount "53"]
[EventDate "2010.12.04"]
[EventType "swiss"]
[EventRounds "7"]
[EventCountry "ITA"]
[SourceTitle "EXT 2024"]
[Source "ChessBase"]
[SourceDate "2023.10.10"]
[SourceVersion "1"]
[SourceVersionDate "2023.10.10"]
[SourceQuality "1"]

1. f4 e5 2. fxe5 d6 3. exd6 Bxd6 4. Nf3 g5 5. g3 h5 6. d4 f6 7. Nc3 h4 8. Rg1 hxg3 9. hxg3 Bb4 10. Qd3 Ne7 11. Bd2 c5 12. 0-0-0 g4 13. Nh4 Qxd4 14. Qxd4 cxd4 15. Nb5 Bxd2+ 16. Rxd2 Na6 17. Bg2 0-0 18. Rgd1 Nc5 19. Rxd4 a6 20. Nd6 Rb8 21. Nxc8 Rfxc8 22. Rxg4+ Kf7 23. Bd5+ Nxd5 24. Rxd5 Rc6 25. Rc4 b6 26. b4 Ke6 27. Rdd4 1-0

[Event "Milan Sport&Cultura op"]
[Site "Milan"]
[Date "2010.02.14"]
[Round "4"]
[White "Cerioni, Armando"]
[Black "Manini, Paolo"]
[Result "1-0"]
[WhiteElo "1988"]
[BlackElo "1788"]
[PlyCount "113"]
[EventDate "2010.02.12"]
[EventType "swiss"]
[EventRounds "5"]
[EventCountry "ITA"]
[SourceTitle "EXT 2011"]
[Source "ChessBase"]
[SourceDate "2010.11.26"]
[SourceVersion "1"]
[SourceVersionDate "2010.11.26"]
[SourceQuality "1"]

1. e4 c6 2. d4 d5 3. f3 e6 4. Nc3 Bb4 5. a3 Ba5 6. b4 Bc7 7. Be3 Qh4+ 8. Bf2 Qh6 9. Bd3 Ne7 10. Qe2 dxe4 11. fxe4 e5 12. Nf3 Bg4 13. Be3 Qh5 14. 0-0-0 Nd7 15. d5 Nb6 16. h3 Bxf3 17. gxf3 0-0-0 18. dxc6 Nxc6 19. Nb5 Bb8 20. Qf2 Nd4 21. Nxd4 exd4 22. Bxd4 Qh6+ 23. Kb1 Na4 24. Bb5 Nb6 25. Rd3 Qg5 26. Rc3+ Bc7 27. Bxb6 axb6 28. Qxb6 Qe5 29. Rc5 Kb8 30. Rxe5 Bxb6 31. Re7 f5 32. Rxg7 f4 33. Bd3 h5 34. Rh2 Rh6 35. Rhg2 Rdd6 36. Ka2 Bd4 37. Rg8+ Kc7 38. Kb3 Rc6 39. R2g5 b5 40. Rxb5 Rc3+ 41. Ka2 Ra6 42. Rc5+ Bxc5 43. Bxa6 Bd4 44. Bd3 Be3 45. Ra8 Rc6 46. Ra5 h4 47. Rh5 Bf2 48. Rf5 Be3 49. Kb3 Rg6 50. Rh5 Bf2 51. e5 Rg3 52. Rxh4 Rxf3 53. Rh7+ Kd8 54. e6 Re3 55. e7+ Rxe7 56. Rxe7 Kxe7 57. Be2 1-0

[Event "Cagliari Alfa Lum op"]
[Site "Cagliari"]
[Date "2009.08.30"]
[Round "5"]
[White "Cerioni, Armando"]
[Black "Pani, Luca"]
[Result "1-0"]
[WhiteElo "1987"]
[BlackElo "1500"]
[PlyCount "111"]
[EventDate "2009.08.28"]
[EventType "swiss"]
[EventRounds "6"]
[EventCountry "ITA"]
[SourceTitle "EXT 2012"]
[Source "ChessBase"]
[SourceDate "2011.11.24"]
[SourceVersion "1"]
[SourceVersionDate "2011.11.24"]
[SourceQuality "1"]

1. e4 c5 2. Na3 g6 3. c3 Bg7 4. f4 Nc6 5. Nf3 Nf6 6. d3 d5 7. e5 Ng8 8. d4 cxd4 9. cxd4 Nh6 10. Nc2 0-0 11. h3 Nf5 12. Kf2 f6 13. g4 Nh6 14. Kg2 fxe5 15. fxe5 Be6 16. Bd3 Qb6 17. Rf1 Kh8 18. Qe1 Rxf3 19. Rxf3 Nxd4 20. Nxd4 Qxd4 21. Qh4 Nf5 22. Qf2 Qxf2+ 23. Rxf2 Nd4 24. Bf4 Kg8 25. Rc1 Nc6 26. Bb5 Rc8 27. Bxc6 bxc6 28. Rc5 g5 29. Bg3 Bd7 30. Ra5 Bf8 31. Rxa7 Be8 32. e6 Bg6 33. Be5 d4 34. Bxd4 c5 35. Bc3 c4 36. Kg1 h6 37. a4 Rd8 38. a5 Rd1+ 39. Rf1 Rd8 40. a6 Bd3 41. Re1 Kh7 42. Rd7 Ra8 43. a7 Kg8 44. Ra1 h5 45. Rb7 hxg4 46. hxg4 Be4 47. Rb8 Kh7 48. Rxa8 Bxa8 49. Ra4 Kg6 50. Rxc4 Bd5 51. Rc8 Bb7 52. Rxf8 Bc6 53. a8Q Bh1 54. Kxh1 Kh7 55. Qe4+ Kh6 56. Rh8# 1-0

[Event "Milan Crespi op-B 29th"]
[Site "Milan"]
[Date "2008.12.07"]
[Round "5"]
[White "Cerioni, Armando"]
[Black "Cardani, Roberto"]
[Result "0-1"]
[WhiteElo "1976"]
[BlackElo "1900"]
[PlyCount "44"]
[EventDate "2008.12.05"]
[EventType "swiss"]
[EventRounds "7"]
[EventCountry "ITA"]
[SourceTitle "EXT 2010"]
[Source "ChessBase"]
[SourceDate "2010.11.25"]
[SourceVersion "1"]
[SourceVersionDate "2010.11.25"]
[SourceQuality "1"]

1. e4 c5 2. Nf3 d6 3. Nc3 Nc6 4. Bb5 Bd7 5. Bxc6 Bxc6 6. d4 cxd4 7. Qxd4 Nf6 8. Bg5 e6 9. 0-0-0 Be7 10. Rhe1 0-0 11. Kb1 a5 12. Bxf6 Bxf6 13. Qxd6 Bxc3 14. Qxd8 Rfxd8 15. bxc3 f6 16. Nd4 e5 17. Nxc6 bxc6 18. Kc1 Kf7 19. Re3 c5 20. Red3 Ke7 21. Rd5 Rxd5 22. exd5 c4 0-1

[Event "Milan Crespi op-B 29th"]
[Site "Milan"]
[Date "2008.12.04"]
[Round "1"]
[White "Cerioni, Armando"]
[Black "Trent, Alan M"]
[Result "1-0"]
[WhiteElo "1976"]
[BlackElo "1867"]
[PlyCount "73"]
[EventDate "2008.12.05"]
[EventType "swiss"]
[EventRounds "7"]
[EventCountry "ITA"]
[SourceTitle "EXT 2010"]
[Source "ChessBase"]
[SourceDate "2010.11.25"]
[SourceVersion "1"]
[SourceVersionDate "2010.11.25"]
[SourceQuality "1"]

1. e4 c6 2. d4 g6 3. Nc3 d5 4. f3 Bg7 5. Be3 dxe4 6. fxe4 Nf6 7. Nf3 Bg4 8. h3 Bxf3 9. Qxf3 0-0 10. Bc4 Qa5 11. 0-0 e6 12. Bg5 Qxg5 13. e5 Nd5 14. Rae1 Nd7 15. Ne4 Qh4 16. Be2 Bh6 17. Bd1 Rac8 18. c4 Ne7 19. g3 Qxh3 20. Re2 Nf5 21. Rh2 Nxd4 22. Qd3 Nxe5 23. Qxd4 Bg7 24. Qxa7 Ra8 25. Qxb7 Nf3+ 26. Rxf3 Bd4+ 27. Kh1 Rab8 28. Qxc6 Qxh2+ 29. Kxh2 Rxb2+ 30. Kh1 Rb1 31. Rf1 Rfb8 32. Qd7 Ba1 33. Qxf7+ Kh8 34. Qe7 h5 35. Rf8+ Rxf8 36. Qxf8+ Kh7 37. Ng5# 1-0